000 00807nam a22002657a 4500
005 20240530110855.0
008 211005s2003 usahk f b 000 0 eng d
017 _bمصر. دار الكتب
020 _a047144118X
040 _aEG-CaGPL
_cEG-CaGPL
082 0 4 _221
_a729.28/
_bG I
100 1 _aGordon, Gary
245 1 0 _aInterior Lighting For Designers /
_cGray Gorden ; Illustrations by Gregory F. Day
250 _a4th ed.
260 _aNew Jersey :
_bJohn Wiley & Sons,
_c2003.
300 _a293 p :
_bill. ;
_c30 cm.
504 _aIncludes bibliographical references and index
650 0 7 _aLighting
650 0 7 _aElectric Lighting
650 0 7 _aLighting Aechitectural and Decorative
651 _2qrmak
700 1 _a.Day ,Gregory F
_eIllustrator
942 _2ddc
_cBK
999 _c66030
_d66030